हिंदी विश्व साहित्य कोश / (Record no. 122087)
[ view plain ]
| 000 -LEADER | |
|---|---|
| fixed length control field | 00817nam a22002057a 4500 |
| 010 ## - LIBRARY OF CONGRESS CONTROL NUMBER | |
| LC control number | A-394240 |
| 020 ## - INTERNATIONAL STANDARD BOOK NUMBER | |
| Terms of availability | 175.00 |
| 035 ## - SYSTEM CONTROL NUMBER | |
| System control number | A-394240 |
| 037 ## - SOURCE OF ACQUISITION | |
| Source of stock number/acquisition | Cen Lib / Ret |
| 040 ## - CATALOGING SOURCE | |
| Original cataloging agency | DPL |
| Language of cataloging | EN |
| 082 ## - DEWEY DECIMAL CLASSIFICATION NUMBER | |
| Classification number | 803 |
| Item number | पाण्डेय |
| 245 ## - TITLE STATEMENT | |
| Title | हिंदी विश्व साहित्य कोश / |
| Statement of responsibility, etc | hindi viswasahitya kosh |
| 260 ## - PUBLICATION, DISTRIBUTION, ETC. (IMPRINT) | |
| Place of publication, distribution, etc | वाराणसी |
| Name of publisher, distributor, etc | नगरी प्रचारणी सभा |
| 270 ## - ADDRESS | |
| Address | नगरी प्रचारणी सभा |
| City | वाराणसी |
| 300 ## - PHYSICAL DESCRIPTION | |
| Extent | v 1. 472p |
| Dimensions | 27cm(Hb) |
| 505 ## - FORMATTED CONTENTS NOTE | |
| Formatted contents note | v 1 अंक से कामदी तक |
| 650 ## - SUBJECT ADDED ENTRY--TOPICAL TERM | |
| Topical term or geographic name as entry element | hindi viswasahitya kosh |
| 9 (RLIN) | 141715 |
| 650 ## - SUBJECT ADDED ENTRY--TOPICAL TERM | |
| Topical term or geographic name as entry element | हिंदी विश्व साहित्य कोश |
| 9 (RLIN) | 48535 |
| 942 ## - ADDED ENTRY ELEMENTS (KOHA) | |
| Source of classification or shelving scheme | Dewey Decimal Classification |
| Koha item type | Hindi Books |
| Classification part | 803 |
| Call number suffix | पाण्डेय |
| Withdrawn status | Lost status | Materials specified (bound volume or other part) | Damaged status | Not for loan | Home library | Current library | Date acquired | Source of acquisition | Cost, normal purchase price | Total Checkouts | Full call number | Barcode | Date last seen | Copy number | Cost, replacement price | Price effective from | Koha item type | Public note |
|---|---|---|---|---|---|---|---|---|---|---|---|---|---|---|---|---|---|---|
| Written off | v 1 | Central Library | Central Library | 21/03/2016 | Cen Lib/Ret | 175.00 | 803 पाण्डेय | A-394240 | 21/03/2016 | 1 | 175.00 | 21/03/2016 | Hindi Books | Wid. 2815/12 dtd. 11/07/2022 |
